|
|
|
|
| LEADER |
00702cam a2200181 7i4500 |
| 001 |
0000067771 |
| 005 |
20091201090000.0 |
| 008 |
071109s2008 gw 100 0 eng d |
| 020 |
# |
0 |
|a 9783540771227
|
| 090 |
0 |
0 |
|a TN 799.5
|b .I5 2007
|
| 110 |
1 |
1 |
|a International Workshop "Minerals as Advanced Materials (1st : 2007 : Imandra, Lake, Russia)
|
| 245 |
0 |
0 |
|a Minerals as Advanced Materials I
|c Sergey V. Krivovichev (ed.).
|
| 260 |
# |
# |
|a Verlag Berlin Heidelberg:
|b Springer,
|c 2008.
|
| 300 |
# |
# |
|a xvi, 255 p.:
|b ill.;
|c 24 cm..
|
| 650 |
0 |
0 |
|a Industrial minerals --
|x Congresses
|
| 650 |
0 |
0 |
|a Materials science --
|x Congresses
|
| 700 |
1 |
1 |
|a Krivovichev, Sergey V.
|
| 999 |
|
|
|a 1100066288
|b Book
|c Open Shelf
|e KOLEKSI TERBUKA
|